1 Border Countries Quiz Stats

Quiz Updated Dec 6, 2017

Also try: Border Countries
Challenge
Share
Tweet
Embed
Score 0/17 Timer 06:00
17 Plays Today
Country % Correct
Canada
92.4%
Portugal
82.4%
South Korea
76%
Ireland
75.6%
Haiti
70.3%
Vatican City
68.2%
Lesotho
67.3%
Denmark
66.1%
United Kingdom
65.7%
Country % Correct
Dominican Republic
64.7%
San Marino
57.6%
Monaco
55%
Papua New Guinea
53.5%
Qatar
42.6%
Brunei
42%
The Gambia
36.7%
Timor-Leste
35.9%

You're not logged in!

Compare scores with friends on all Sporcle quizzes.
Sign Up with Email
OR
Log In

You Might Also Like...

Show Comments

Extras

Top Quizzes Today


Score Distribution

Your Account Isn't Verified!

In order to create a playlist on Sporcle, you need to verify the email address you used during registration. Go to your Sporcle Settings to finish the process.